LEADER 01497nam 2200361 n 450 001 996397017803316 005 20221108051403.0 035 $a(CKB)4330000000330996 035 $a(EEBO)2240904632 035 $a(UnM)9928348700971 035 $a(UnM)99833458 035 $a(EXLCZ)994330000000330996 100 $a19960126d1695 uy | 101 0 $aeng 135 $aurbn||||a|bb| 200 14$aThe last sermon of his grace John late Lord Archbishop of Canterbury$b[electronic resource] $ePreach'd before the King and Queen at White-Hall, February 25th, 1693/4/ Together with his Grace's sermon on Phil.3.20. For our conversation is in Heaven 210 $aLondon $cprinted for B. Aylmer at the Three Pigeons against the Royal-Exchange in Cornhill; and W. Rogers at the Sun against St. Dunstan's Church in Fleetstreet$dMDCXCV. [1695] 215 $a55, [1] p 300 $aJohn late Lord Archbishop of Caterbury = John Tillotson. 300 $aAfter date in imprint: Price 6 d. 300 $aFirst and last leaves are advertisements. 300 $aReproduction of the original in the Bodleian Library. 330 $aeebo-0014 606 $aSermons, English$y17th century 615 0$aSermons, English 700 $aTillotson$b John$f1630-1694.$0279222 801 0$bCu-RivES 801 1$bCu-RivES 801 2$bWaOLN 906 $aBOOK 912 $a996397017803316 996 $aThe last sermon of his grace John late Lord Archbishop of Canterbury$92306149 997 $aUNISA